<The> Oxford Handbook of Judaism and Economics

Uložené v:
Podrobná bibliografia
Ďalší autori: Levine, Aaron
Médium: Kniha
Jazyk:English
Vydavateľské údaje: New York Oxford University Press 2010
Predmet:
Tagy: Pridať tag
Žiadne tagy, Buďte prvý, kto otaguje tento záznam!

MARC

LEADER 00000nam a2200000 4500
001 0269839
005 20230109114734.9
020 |a 978-0-19-539862-5 
041 0 |a eng 
044 |a US 
245 1 0 |a <The> Oxford Handbook of Judaism and Economics  |c Edited by: Aaron Levine 
264 1 |a New York  |b Oxford University Press  |c 2010 
300 |a 690 s. 
610 2 0 |a teórie ekonomické 
610 2 0 |a veda ekonomická 
610 2 0 |a náboženstvo 
610 2 0 |a zákony 
610 2 0 |a etika 
610 2 0 |a spoločnosť 
610 2 0 |a judaizmus 
700 1 |a Levine, Aaron